[Event "DVM U14w 2011"]
[Site "Arendsee (Altmark) GER"]
[Date "2011.12.27"]
[Round "2"]
[White "Bosse, Lea"]
[Black "Alsheimer, Lea"]
[Result "1/2-1/2"]
[Termination "normal"]
[Board "3.2"]
[WhiteElo "1631"]
[BlackElo "1287"]
[WhiteTeam "SpVgg Stetten"]
[BlackTeam "SC 1923 Bechhofen"]
[WhiteFideId "12900419"]
[BlackFideId "12918180"]
[EventCountry "GER"]
[EventRounds "7"]
[EventType "team-swiss"]
[EventDate "2011.12.26"]

1. e4 d5 2. exd5 Qxd5 3. Nc3 Qd8 4. d4 Nf6 5. Nf3 Bf5 6. g3 e6 7. Bg2 c6 8. O-O
Be7 9. Re1 O-O 10. Bf4 Nbd7 11. Qe2 Nb6 12. Rad1 Nbd5 1/2-1/2

[Event "DVM U14w 2011"]
[Site "Arendsee (Altmark) GER"]
[Date "2011.12.27"]
[Round "2"]
[White "Böse, Christina"]
[Black "Schneider, Jana"]
[Result "0-1"]
[Termination "normal"]
[Board "3.3"]
[WhiteElo "1112"]
[BlackElo "1423"]
[WhiteTeam "SC 1923 Bechhofen"]
[BlackTeam "SpVgg Stetten"]
[WhiteFideId "12929654"]
[BlackFideId "12924997"]
[EventCountry "GER"]
[EventRounds "7"]
[EventType "team-swiss"]
[EventDate "2011.12.26"]

1. e4 e5 2. Bc4 Nf6 3. Nf3 Nc6 4. O-O Bc5 5. Nc3 a6 6. Nd5 d6 7. d3 Bg4 8. Bg5
Nd4 9. Nxf6+ gxf6 10. Bh4 Nxf3+ 11. gxf3 Bh3 12. Re1 Rg8+ 13. Kh1 Bg2+ 14. Kg1
Bxf3+ 0-1

[Event "DVM U14w 2011"]
[Site "Arendsee (Altmark) GER"]
[Date "2011.12.27"]
[Round "2"]
[White "Ley, Sabrina"]
[Black "Manusina, Nicole"]
[Result "0-1"]
[Termination "normal"]
[Board "4.1"]
[WhiteElo "1324"]
[BlackElo "1752"]
[WhiteTeam "Turm Lahnstein"]
[BlackTeam "SG Oesede-Georgsmarienhütte"]
[WhiteFideId "12938130"]
[BlackFideId "24657514"]
[EventCountry "GER"]
[EventRounds "7"]
[EventType "team-swiss"]
[EventDate "2011.12.26"]

1. e4 c6 2. d4 d5 3. exd5 cxd5 4. c4 Nf6 5. Nc3 Nc6 6. Nf3 Bg4 7. Be2 e6 8. c5
Be7 9. O-O O-O 10. a3 Ne4 11. Qd3 Bf5 12. Qe3 Nxc5 13. dxc5 d4 14. Qd2 dxc3 15.
Qxc3 Qd5 16. b4 Bf6 17. Qe3 Bxa1 18. Rd1 Qe4 19. Qb3 Qxe2 20. Re1 Qc2 0-1

[Event "DVM U14w 2011"]
[Site "Arendsee (Altmark) GER"]
[Date "2011.12.27"]
[Round "2"]
[White "Böhm, Jana"]
[Black "Usczeck, Alina"]
[Result "1-0"]
[Termination "normal"]
[Board "4.2"]
[WhiteElo "1723"]
[BlackElo "1272"]
[WhiteTeam "SG Oesede-Georgsmarienhütte"]
[BlackTeam "Turm Lahnstein"]
[WhiteFideId "24661589"]
[BlackFideId "12938114"]
[EventCountry "GER"]
[EventRounds "7"]
[EventType "team-swiss"]
[EventDate "2011.12.26"]

1. e4 e5 2. Nf3 Nc6 3. Nc3 Nf6 4. Bb5 Bc5 5. O-O O-O 6. d3 d6 7. Bg5 Bg4 8. Nd5
Nd4 9. Nxf6+ gxf6 10. Bh6 Nxb5 11. h3 Re8 12. hxg4 Kh8 13. c3 c6 14. Nh4 Rg8
15. Qf3 Qd7 16. Nf5 Qe6 17. a4 Nc7 18. b4 Bxf2+ 19. Rxf2 Rg6 20. Be3 d5 21. Kh2
Rag8 22. Nh6 R8g7 23. Rh1 d4 24. cxd4 exd4 25. Bd2 Qe5+ 26. Kg1 Ne6 27. Rh5 Qd6
28. Nf5 Qd7 29. Nxg7 Kxg7 30. Qh3 Nf8 31. Bh6+ Kg8 32. Bxf8 Kxf8 33. Rxh7 1-0

[Event "DVM U14w 2011"]
[Site "Arendsee (Altmark) GER"]
[Date "2011.12.27"]
[Round "2"]
[White "Rau, Jennifer"]
[Black "Hinzke, Anna-Lena"]
[Result "0-1"]
[Termination "normal"]
[Board "4.3"]
[WhiteElo "1215"]
[BlackElo "1376"]
[WhiteTeam "Turm Lahnstein"]
[BlackTeam "SG Oesede-Georgsmarienhütte"]
[WhiteFideId "12983276"]
[BlackFideId "12928704"]
[EventCountry "GER"]
[EventRounds "7"]
[EventType "team-swiss"]
[EventDate "2011.12.26"]

1. e4 e6 2. d4 d5 3. exd5 exd5 4. Nc3 c6 5. Bf4 Bd6 6. Bg3 Nf6 7. Nf3 O-O 8.
Bh4 Bg4 9. h3 Bh5 10. g4 Re8+ 11. Be2 Bg6 12. Qd2 Nbd7 13. O-O Qb6 14. Na4 Qc7
15. b3 Ne4 16. Qd1 b5 17. Re1 bxa4 18. Bd3 Bf4 19. Bxe4 Bxe4 20. Re2 Bxf3 21.
Rxe8+ Rxe8 22. Qxf3 axb3 23. axb3 g5 24. Bg3 Bxg3 25. fxg3 Nf8 26. c3 c5 27.
Rd1 cxd4 28. Rxd4 Rd8 29. Kg2 Qe5 30. h4 Ne6 31. Ra4 Rd7 32. h5 Rc7 33. c4 Nd4
34. Qd1 dxc4 35. bxc4 Rxc4 36. Rxa7 Qe2+ 37. Qxe2 Nxe2 38. h6 Rc8 39. Kf2 Nd4
40. Ke3 Ne6 41. Ke4 Kf8 42. Ke5 Rc7 43. Ra8+ Ke7 44. Rh8 Nf8 45. Rg8 f6+ 46.
Kf5 Rc5+ 47. Ke4 Rc4+ 48. Kf5 Rc6 49. Rg7+ Ke8 50. Ke4 Rc5 51. Kd4 Re5 52. Rc7
Nd7 53. Rc8+ Kf7 54. Rc7 Re7 55. Kd5 Nb6+ 56. Kd6 Rxc7 57. Kxc7 Nd5+ 58. Kd6
Ne3 59. Kc5 Nxg4 60. Kd4 Nxh6 61. Ke4 Kg6 62. Kf3 Kh5 63. Kg2 Kg4 64. Kf2 Nf5
65. Kg2 Nxg3 66. Kf2 h5 67. Kg2 h4 68. Kh2 h3 69. Kg1 f5 70. Kh2 f4 71. Kg1 f3
72. Kh2 Kf4 73. Kg1 Ke3 74. Kh2 f2 75. Kxg3 f1=Q 76. Kg4 h2 77. Kg3 Qf3+ 78.
Kxh2 Qg4 79. Kh1 Kf2 80. Kh2 Qg2# 0-1

[Event "DVM U14w 2011"]
[Site "Arendsee (Altmark) GER"]
[Date "2011.12.27"]
[Round "2"]
[White "Wang, Yanru"]
[Black "Schneider, Anna"]
[Result "1-0"]
[Termination "normal"]
[Board "4.4"]
[WhiteElo "1246"]
[BlackElo "964"]
[WhiteTeam "SG Oesede-Georgsmarienhütte"]
[BlackTeam "Turm Lahnstein"]
[WhiteFideId "12929328"]
[EventCountry "GER"]
[EventRounds "7"]
[EventType "team-swiss"]
[EventDate "2011.12.26"]

1. f4 d5 2. b3 Nf6 3. Bb2 g6 4. Nf3 Bg7 5. e3 c5 6. Be2 Nc6 7. O-O O-O 8. d3
Bd7 9. Qd2 Re8 10. h3 a6 11. g4 Bc8 12. Qc1 b6 13. g5 Nd7 14. h4 f6 15. Kg2 a5
16. Rh1 Kf7 17. Nbd2 f5 18. Bxg7 Kxg7 19. h5 Rh8 20. Qb2+ Kf7 21. hxg6+ Ke6 22.
Rxh7 Rg8 23. g7 Kf7 24. Rah1 Bb7 25. g6+ Ke6 26. Ng5+ Kd6 27. Nf7+ Ke6 28.
Nxd8+ Raxd8 29. Rh8 Rxh8 30. gxh8=Q Rxh8 31. Rxh8 d4 32. e4 fxe4 33. dxe4 Nb4
34. g7 Nf6 35. g8=Q+ Nxg8 36. Rxg8 Kd6 37. Nc4+ Kd7 38. Ne5+ Kd6 39. Bf3 b5 40.
a3 Nc6 41. Nxc6 Bxc6 42. e5+ Kc7 43. Bxc6 Kxc6 44. Rg6+ Kd5 45. Kf3 e6 46. Qc1
b4 47. a4 c4 48. Qe1 Kc5 49. Qe4 c3 50. Rxe6 d3 51. Rc6# 1-0

[Event "DVM U14w 2011"]
[Site "Arendsee (Altmark) GER"]
[Date "2011.12.27"]
[Round "2"]
[White "Wiesner, Paula"]
[Black "Schneider, Sabrina"]
[Result "1-0"]
[Termination "normal"]
[Board "5.1"]
[WhiteElo "1780"]
[BlackElo "1128"]
[WhiteTeam "Karlsruher SF"]
[BlackTeam "SK Turm Bad Hersfeld"]
[WhiteFideId "24654019"]
[BlackFideId "12951986"]
[EventCountry "GER"]
[EventRounds "7"]
[EventType "team-swiss"]
[EventDate "2011.12.26"]

1. e4 e5 2. Nf3 Nc6 3. Bb5 a6 4. Bxc6 bxc6 5. O-O d6 6. d4 exd4 7. Nxd4 Ne7 8.
Nc3 g6 9. Bg5 c5 10. Nd5 Bg7 11. Nc6 1-0

[Event "DVM U14w 2011"]
[Site "Arendsee (Altmark) GER"]
[Date "2011.12.27"]
[Round "2"]
[White "Krauße, Vanessa"]
[Black "Romanova, Alena"]
[Result "1-0"]
[Termination "normal"]
[Board "5.2"]
[WhiteElo "1228"]
[BlackElo "1509"]
[WhiteTeam "SK Turm Bad Hersfeld"]
[BlackTeam "Karlsruher SF"]
[WhiteFideId "12937991"]
[BlackFideId "12918784"]
[EventCountry "GER"]
[EventRounds "7"]
[EventType "team-swiss"]
[EventDate "2011.12.26"]

1. e4 c6 2. Nc3 d5 3. exd5 cxd5 4. d4 Nf6 5. Nf3 Nc6 6. Ne5 Qb6 7. Nxc6 bxc6 8.
Be2 Bf5 9. O-O e6 10. b3 Bb4 11. Na4 Qc7 12. c4 Bd6 13. g3 Ne4 14. Bf3 Be7 15.
cxd5 cxd5 16. Bf4 Qd8 17. Rc1 Rc8 18. Rxc8 Qxc8 19. Qe2 O-O 20. Rc1 Qd8 21. Nc3
Nd6 22. Bg4 Bg6 23. Re1 Qa8 24. Bxe6 Ne4 25. Nxe4 dxe4 26. Bc4 Bf6 27. d5 Rd8
28. d6 Bc3 29. Rd1 Bb4 30. d7 Qb7 31. Qg4 Kf8 32. Rd5 f5 33. Qd1 Ke7 34. Bg5+
1-0

[Event "DVM U14w 2011"]
[Site "Arendsee (Altmark) GER"]
[Date "2011.12.27"]
[Round "2"]
[White "Janzen, Sabine"]
[Black "Henke, Hanna"]
[Result "0-1"]
[Termination "normal"]
[Board "5.4"]
[WhiteElo "1094"]
[BlackElo "775"]
[WhiteTeam "SK Turm Bad Hersfeld"]
[BlackTeam "Karlsruher SF"]
[BlackFideId "12964441"]
[EventCountry "GER"]
[EventRounds "7"]
[EventType "team-swiss"]
[EventDate "2011.12.26"]

1. e4 e5 2. Nf3 Nc6 3. d4 d6 4. d5 Nf6 5. dxc6 bxc6 6. Nc3 Bg4 7. Bg5 Be7 8.
Qd3 O-O 9. h3 Bxf3 10. Qxf3 d5 11. Bxf6 Bxf6 12. exd5 cxd5 13. Nxd5 Be7 14.
O-O-O c6 15. Nf6+ Bxf6 16. Rxd8 Raxd8 17. Qxc6 Bg5+ 18. f4 Bxf4+ 19. Kb1 Rd1#
0-1

[Event "DVM U14w 2011"]
[Site "Arendsee (Altmark) GER"]
[Date "2011.12.27"]
[Round "2"]
[White "Heinemann, Josefine"]
[Black "Braun, Kristin"]
[Result "1-0"]
[Termination "normal"]
[Board "6.1"]
[WhiteElo "1800"]
[BlackElo "1825"]
[WhiteTeam "USC Magdeburg"]
[BlackTeam "SC Uttenreuth"]
[WhiteFideId "12900460"]
[BlackFideId "24656534"]
[EventCountry "GER"]
[EventRounds "7"]
[EventType "team-swiss"]
[EventDate "2011.12.26"]

1. e4 d5 2. exd5 Nf6 3. c4 c6 4. d4 cxd5 5. Nc3 g6 6. Nf3 Bg7 7. Bg5 e6 8. cxd5
exd5 9. Bb5+ Nc6 10. Qe2+ Be6 11. Ne5 Qd6 12. Bf4 Nh5 13. Nxf7 Qe7 14. Nd6+ Kd8
15. Bxc6 bxc6 16. Be5 Bxe5 17. dxe5 Nf4 18. Qf3 Rf8 19. O-O-O h5 20. Qe3 Nxg2
21. Qc5 Qg5+ 22. Kb1 Qxe5 23. Qxc6 Ke7 24. Nxd5+ Bxd5 25. Rxd5 Qe6 26. Qc7+ Kf6
27. Qc3+ Ke7 28. Re5 Kxd6 29. Qc5+ Kd7 30. Rd1+ 1-0

[Event "DVM U14w 2011"]
[Site "Arendsee (Altmark) GER"]
[Date "2011.12.27"]
[Round "2"]
[White "Michalowski, Melina"]
[Black "Peschos, Celine"]
[Result "0-1"]
[Termination "normal"]
[Board "6.2"]
[WhiteElo "1163"]
[BlackElo "1442"]
[WhiteTeam "SC Uttenreuth"]
[BlackTeam "USC Magdeburg"]
[WhiteFideId "12902462"]
[EventCountry "GER"]
[EventRounds "7"]
[EventType "team-swiss"]
[EventDate "2011.12.26"]

1. d4 d5 2. c4 e6 3. Nc3 Nf6 4. Nf3 Nbd7 5. cxd5 Nxd5 6. e4 Nxc3 7. bxc3 Be7 8.
Bf4 O-O 9. Bd3 c5 10. O-O b6 11. Re1 Nf6 12. Bc2 Bb7 13. Qd3 Bxe4 14. Qd1 Bxc2
15. Qxc2 Nd5 16. Bg3 cxd4 17. cxd4 Rc8 18. Qd3 Nb4 19. Qd2 Nc2 20. Rec1 Nxa1
21. Rxa1 Bf6 22. Rd1 Re8 23. Be5 Bxe5 24. dxe5 Qxd2 25. Nxd2 Red8 26. Kf1 Rc2
27. Ke1 Rxa2 0-1

[Event "DVM U14w 2011"]
[Site "Arendsee (Altmark) GER"]
[Date "2011.12.27"]
[Round "2"]
[White "Zander, Carolin"]
[Black "Michalowski, Sophia"]
[Result "0-1"]
[Termination "normal"]
[Board "6.3"]
[WhiteElo "909"]
[BlackElo "1165"]
[WhiteTeam "USC Magdeburg"]
[BlackTeam "SC Uttenreuth"]
[BlackFideId "12902454"]
[EventCountry "GER"]
[EventRounds "7"]
[EventType "team-swiss"]
[EventDate "2011.12.26"]

1. e4 d5 2. Nc3 d4 3. Nce2 e5 4. Nf3 Nc6 5. c3 d3 6. Ng3 Nf6 7. Nh4 Be7 8. Qf3
Nxe4 9. Nxe4 Bxh4 10. Bxd3 O-O 11. g3 Bf6 12. Nxf6+ gxf6 13. Be4 Bd7 14. Qh5 f5
15. Bxf5 Bxf5 16. Qxf5 Qd5 17. Rg1 Qd6 18. f4 Rae8 19. Kd1 Qg6 20. Qxg6+ fxg6
21. Kc2 exf4 22. gxf4 Rxf4 23. d4 Rf2+ 24. Bd2 Ree2 25. Rad1 Rxh2 26. Rge1 Na5
27. Rxe2 Rxe2 28. Re1 Rxe1 29. Bxe1 h5 30. Bh4 Kf7 31. Kd3 Ke6 32. Bd8 Kd7 33.
Bg5 c6 34. Ke4 Ke6 35. Bc1 b5 36. d5+ cxd5+ 37. Kf4 Kf6 38. Kg3 g5 39. b3 Kf5
40. Be3 a6 41. c4 dxc4 42. bxc4 Nxc4 43. Bc1 h4+ 44. Kh3 a5 45. Kg2 Kg4 46. Kh2
a4 47. Kg2 h3+ 48. Kh2 Kh4 49. Kg1 g4 50. Bf4 g3 51. Kh1 Kg4 52. Bc1 g2+ 53.
Kh2 Kf3 54. Kg1 h2+ 55. Kxh2 Kf2 56. Bf4 g1=Q+ 57. Kh3 Kf3 58. Bc7 Qg4+ 59. Kh2
Qg2# 0-1

[Event "DVM U14w 2011"]
[Site "Arendsee (Altmark) GER"]
[Date "2011.12.27"]
[Round "2"]
[White "Meyer, Franziska"]
[Black "Merker, Vivien"]
[Result "1/2-1/2"]
[Termination "normal"]
[Board "6.4"]
[WhiteElo "904"]
[BlackElo "1089"]
[WhiteTeam "SC Uttenreuth"]
[BlackTeam "USC Magdeburg"]
[WhiteFideId "12929530"]
[BlackFideId "12927260"]
[EventCountry "GER"]
[EventRounds "7"]
[EventType "team-swiss"]
[EventDate "2011.12.26"]

1. d4 d5 2. e3 Nf6 3. Bd3 Nc6 4. f4 Bg4 5. Nf3 g6 6. O-O Bg7 7. Qe1 O-O 8. Nbd2
Nh5 9. Qh4 Qd7 10. b3 Bf6 11. Qf2 Rae8 12. Ba3 a5 13. Ne5 Nxe5 14. fxe5 Bg7 15.
Qh4 Bh6 16. Nf3 Bxe3+ 17. Kh1 b6 18. Rae1 Bh6 19. h3 Bxf3 20. Rxf3 c6 21. g4
Bd2 22. Re2 Bh6 23. gxh5 Bg7 24. Bb2 b5 25. c3 Rb8 26. hxg6 fxg6 27. Qg3
1/2-1/2

[Event "DVM U14w 2011"]
[Site "Arendsee (Altmark) GER"]
[Date "2011.12.27"]
[Round "2"]
[White "Reyher, Susan"]
[Black "Bork, Sophie"]
[Result "0-1"]
[Termination "normal"]
[Board "7.1"]
[WhiteElo "1341"]
[BlackElo "1548"]
[WhiteTeam "SV Gryps"]
[BlackTeam "SV Welper"]
[WhiteFideId "24686107"]
[BlackFideId "12905429"]
[EventCountry "GER"]
[EventRounds "7"]
[EventType "team-swiss"]
[EventDate "2011.12.26"]

1. e4 e5 2. Nf3 Nf6 3. Nc3 Nc6 4. Bc4 Nxe4 5. Nxe4 d5 6. Bd3 dxe4 7. Bxe4 Bd6
8. O-O O-O 9. d4 Nxd4 10. Nxd4 exd4 11. Qxd4 Bxh2+ 12. Kxh2 Qxd4 13. Bd3 b6 14.
Kg1 Bb7 15. Rb1 Qd5 16. f3 Qxa2 17. Bf4 Qd5 18. Bxc7 Qc5+ 19. Kh1 Qxc7 20. Rfe1
Rfe8 21. Red1 g6 22. Ra1 Re5 23. Kg1 Qc5+ 24. Kf1 Rae8 0-1

[Event "DVM U14w 2011"]
[Site "Arendsee (Altmark) GER"]
[Date "2011.12.27"]
[Round "2"]
[White "Hütte, Sarah"]
[Black "Wagner, Swenja"]
[Result "1-0"]
[Termination "normal"]
[Board "7.2"]
[WhiteElo "1055"]
[BlackElo "1249"]
[WhiteTeam "SV Welper"]
[BlackTeam "SV Gryps"]
[WhiteFideId "12929611"]
[BlackFideId "12900494"]
[EventCountry "GER"]
[EventRounds "7"]
[EventType "team-swiss"]
[EventDate "2011.12.26"]

1. c4 c5 2. g3 Nc6 3. Bg2 g6 4. Nc3 Bg7 5. e4 e6 6. Nge2 Nge7 7. O-O O-O 8. d3
Nd4 9. Be3 d6 10. Qd2 f5 11. a3 Nb3 12. Qc2 Nxa1 13. Rxa1 fxe4 14. Nxe4 Nf5 15.
Rf1 Nxe3 16. fxe3 Rxf1+ 17. Kxf1 Qf8+ 18. Kg1 Rb8 19. b3 b6 20. Nf4 Bh6 21. Qd2
b5 22. Qd1 b4 23. a4 Qe7 24. Qf3 Bb7 25. Qf2 Rf8 26. Qe1 d5 27. Nd2 Bxf4 28.
exf4 Re8 29. Qe5 Kf7 30. Nf3 Qf6 31. Ng5+ Kg7 32. Qc7+ Re7 33. Qxc5 h6 34. Nf3
dxc4 35. dxc4 Bxf3 36. Bxf3 e5 37. fxe5 Rxe5 38. Qxa7+ Re7 39. Qc5 Qe5 40.
Qxe5+ Rxe5 41. Kf2 Kf7 42. Bd5+ Ke7 43. a5 Kd6 44. a6 Re7 45. Bb7 Rxb7 46. axb7
Kc7 47. Ke3 Kxb7 48. Kd4 Kb6 49. Kd5 g5 50. c5+ Kc7 51. Kc4 Kc6 52. Kxb4 1-0

[Event "DVM U14w 2011"]
[Site "Arendsee (Altmark) GER"]
[Date "2011.12.27"]
[Round "2"]
[White "Melüh, Vanessa"]
[Black "Schaller, Bettina"]
[Result "0-1"]
[Termination "normal"]
[Board "7.3"]
[WhiteElo "800"]
[BlackElo "1089"]
[WhiteTeam "SV Gryps"]
[BlackTeam "SV Welper"]
[BlackFideId "12929638"]
[EventCountry "GER"]
[EventRounds "7"]
[EventType "team-swiss"]
[EventDate "2011.12.26"]

1. e4 d6 2. Nf3 Nf6 3. Nc3 g6 4. Bb5+ c6 5. Ba4 b5 6. b3 bxa4 7. bxa4 Bg7 8.
Bb2 O-O 9. O-O Bg4 10. h3 Bxf3 11. gxf3 Nbd7 12. Ba3 d5 13. exd5 Nxd5 14. Nxd5
cxd5 15. Re1 Re8 16. Re2 Bxa1 17. Qxa1 e6 18. Qe1 Qg5+ 19. Kh1 Qf4 20. d4 Qxf3+
21. Kg1 Qxa3 22. Re3 Qxa2 23. h4 Rab8 24. f3 Rb1 25. Kh2 Rxe1 26. Rxe1 Qxc2+
27. Kg3 Qd2 28. Rb1 Rb8 29. a5 Rxb1 30. a6 Rg1+ 31. Kh3 Qg2# 0-1

[Event "DVM U14w 2011"]
[Site "Arendsee (Altmark) GER"]
[Date "2011.12.27"]
[Round "2"]
[White "Venjakob, Alina"]
[Black "Decker, Martha"]
[Result "1-0"]
[Termination "normal"]
[Board "7.4"]
[WhiteElo "1026"]
[BlackElo "800"]
[WhiteTeam "SV Welper"]
[BlackTeam "SV Gryps"]
[WhiteFideId "12964492"]
[EventCountry "GER"]
[EventRounds "7"]
[EventType "team-swiss"]
[EventDate "2011.12.26"]

1. e4 e5 2. Nf3 Nc6 3. Bc4 d5 4. exd5 Be7 5. dxc6 bxc6 6. Nxe5 Bg5 7. Nxf7 Qe7+
8. Qe2 Be6 9. Qxe6 Qxe6+ 10. Bxe6 Rd8 11. Nxh8 Rd5 12. Bxd5 cxd5 13. O-O Be7
14. Re1 a6 15. d4 c6 16. Bg5 c5 17. dxc5 Kd8 18. Bxe7+ Ke8 19. Nc3 Nxe7 20.
Rxe7+ Kd8 21. Nxd5 Kc8 22. c6 h6 23. Re8# 1-0

[Event "DVM U14w 2011"]
[Site "Arendsee (Altmark) GER"]
[Date "2011.12.27"]
[Round "2"]
[White "Titgemeyer, Eva Maria"]
[Black "Rosmait, Emily"]
[Result "1-0"]
[Termination "normal"]
[Board "8.1"]
[WhiteElo "1519"]
[BlackElo "1537"]
[WhiteTeam "SG Porz"]
[BlackTeam "Lübecker SV"]
[WhiteFideId "24655350"]
[BlackFideId "12937754"]
[EventCountry "GER"]
[EventRounds "7"]
[EventType "team-swiss"]
[EventDate "2011.12.26"]

1. e4 e5 2. Nf3 Nc6 3. Bc4 Nf6 4. Ng5 d5 5. exd5 Na5 6. Bb5+ Bd7 7. Bxd7+ Qxd7
8. O-O Nxd5 9. d3 h6 10. Ne4 f5 11. Ng3 O-O-O 12. Bd2 Nc6 13. Nc3 Nf6 14. Qf3
Nd4 15. Qd1 g5 16. Re1 Re8 17. Nce2 f4 18. Ne4 Nxe4 19. dxe4 Ne6 20. Bc3 Qg7
21. Qd5 Nc5 22. b4 Na4 23. Qb5 Nxc3 24. Qxe8# 1-0

[Event "DVM U14w 2011"]
[Site "Arendsee (Altmark) GER"]
[Date "2011.12.27"]
[Round "2"]
[White "Zech, Anna"]
[Black "Siegel, Aurelia"]
[Result "0-1"]
[Termination "normal"]
[Board "8.2"]
[WhiteElo "1176"]
[BlackElo "1085"]
[WhiteTeam "Lübecker SV"]
[BlackTeam "SG Porz"]
[WhiteFideId "12909424"]
[BlackFideId "12929581"]
[EventCountry "GER"]
[EventRounds "7"]
[EventType "team-swiss"]
[EventDate "2011.12.26"]

1. e4 e5 2. Nf3 Nc6 3. Bb5 a6 4. Bxc6 dxc6 5. O-O Bg4 6. h3 Bh5 7. d3 Bc5 8.
Nbd2 Ne7 9. b3 Bd4 10. Rb1 O-O 11. Ba3 b5 12. Qe1 Bc3 13. Bb2 Bxb2 14. Rxb2 Ng6
15. c4 Qxd3 16. Nb1 Qd6 17. Rd2 Qf6 18. Rd3 Nf4 19. Re3 Nxh3+ 20. gxh3 Bxf3 21.
Kh2 Qf4+ 22. Kg1 Qg5+ 23. Kh2 Qg2# 0-1

[Event "DVM U14w 2011"]
[Site "Arendsee (Altmark) GER"]
[Date "2011.12.27"]
[Round "2"]
[White "Mushket, Alexsandra"]
[Black "Maier, Nicole"]
[Result "0-1"]
[Termination "normal"]
[Board "8.4"]
[WhiteElo "800"]
[BlackElo "774"]
[WhiteTeam "Lübecker SV"]
[BlackTeam "SG Porz"]
[BlackFideId "12964573"]
[EventCountry "GER"]
[EventRounds "7"]
[EventType "team-swiss"]
[EventDate "2011.12.26"]

1. e4 e5 2. Nf3 Nc6 3. Nc3 Nf6 4. Bb5 d6 5. O-O a6 6. Bxc6+ bxc6 7. d3 Be6 8.
Bg5 h6 9. Bxf6 Qxf6 10. Re1 Rb8 11. Rb1 Bg4 12. Re3 Qe6 13. Qd2 Be7 14. d4 Bxf3
15. Rxf3 Bg5 16. d5 Bxd2 17. dxe6 fxe6 18. Rg3 O-O 19. Rd1 Bxc3 20. bxc3 Rb2
21. Rdd3 Rb1+ 22. Rd1 Rxd1# 0-1

[Event "DVM U14w 2011"]
[Site "Arendsee (Altmark) GER"]
[Date "2011.12.27"]
[Round "2"]
[White "Winterberg, Johanna"]
[Black "Holschuh, Luisa"]
[Result "0-1"]
[Termination "normal"]
[Board "9.1"]
[WhiteElo "1263"]
[BlackElo "998"]
[WhiteTeam "SV Breitenworbis"]
[BlackTeam "SV 1926 Riegelsberg"]
[WhiteFideId "12929344"]
[BlackFideId "12951978"]
[EventCountry "GER"]
[EventRounds "7"]
[EventType "team-swiss"]
[EventDate "2011.12.26"]

1. e4 d5 2. Nc3 d4 3. Nce2 e5 4. Nf3 Nc6 5. d3 Nf6 6. c3 Bg4 7. Nd2 Bc5 8. Nb3
Bb6 9. f3 Be6 10. c4 Na5 11. Nxa5 Bxa5+ 12. Bd2 c5 13. Qa4+ Bd7 14. Qxa5 b6 15.
Qa3 O-O 16. b4 cxb4 17. Bxb4 Re8 18. Ng3 a5 19. Bd2 b5 20. Qc1 Rc8 21. Qb2 bxc4
22. dxc4 Be6 23. Rc1 d3 24. Qb3 Nd7 25. Bxd3 Nc5 26. Bxa5 Qxa5+ 27. Qc3 Nxd3+
28. Kd2 Qxc3+ 29. Rxc3 Nf4 30. Rg1 Rxc4 31. Rxc4 Bxc4 32. a3 Rd8+ 33. Kc3 Ne2+
34. Nxe2 Bxe2 35. a4 Rd3+ 36. Kb4 Rd4+ 37. Ka5 Bd1 38. Kb6 Bxa4 39. Kc5 Rd1 40.
Rxd1 Bxd1 41. Kd5 f6 42. Ke6 Bb3+ 43. Ke7 Bc4 44. Kd6 Bf1 45. g3 Bg2 46. f4
exf4 47. gxf4 Bxe4 48. Ke6 f5 49. h3 h6 50. h4 Kh7 51. Kf7 Bd5+ 52. Ke7 Kg6 53.
Kf8 Kf6 54. Ke8 g5 55. fxg5+ hxg5 56. h5 Bf7+ 57. Kd7 Bxh5 58. Kd6 f4 59. Kd5
f3 0-1

[Event "DVM U14w 2011"]
[Site "Arendsee (Altmark) GER"]
[Date "2011.12.27"]
[Round "2"]
[White "Weiten, Anna"]
[Black "Richardt, Angelina"]
[Result "0-1"]
[Termination "normal"]
[Board "9.2"]
[WhiteElo "844"]
[BlackElo "1154"]
[WhiteTeam "SV 1926 Riegelsberg"]
[BlackTeam "SV Breitenworbis"]
[WhiteFideId "12938203"]
[BlackFideId "12938149"]
[EventCountry "GER"]
[EventRounds "7"]
[EventType "team-swiss"]
[EventDate "2011.12.26"]

1. e4 e5 2. Nf3 d6 3. Nc3 Nf6 4. Bc4 Be7 5. d4 exd4 6. Nxd4 c6 7. Nf3 O-O 8. h3
b5 9. Bb3 b4 10. Ne2 Nxe4 11. Qd4 d5 12. Bf4 Re8 13. O-O Bc5 14. Qd3 Ba6 15.
Qd1 Bxe2 16. Qxe2 Nxf2 17. Qd2 Ne4+ 18. Qe3 Bxe3+ 19. Bxe3 Ng3 20. Rfe1 Nd7 21.
Bf2 Rxe1+ 22. Rxe1 Nf5 23. c4 dxc4 24. Bxc4 Qf6 25. Rd1 Ne5 26. Nxe5 Qxe5 27.
b3 Qe4 28. Bd3 Qe5 29. Bxf5 Qxf5 30. Bxa7 c5 31. Bb6 h6 32. g4 Qe5 33. Bc7 Qxc7
34. h4 Qg3+ 35. Kf1 Qf3+ 36. Ke1 Re8+ 37. Kd2 Rd8+ 38. Kc2 Qxd1+ 39. Kb2 Rd2#
0-1

[Event "DVM U14w 2011"]
[Site "Arendsee (Altmark) GER"]
[Date "2011.12.27"]
[Round "2"]
[White "Holschuh, Paulina"]
[Black "Diederich, Lena"]
[Result "0-1"]
[Termination "normal"]
[Board "9.4"]
[WhiteElo "725"]
[BlackElo "916"]
[WhiteTeam "SV 1926 Riegelsberg"]
[BlackTeam "SV Breitenworbis"]
[WhiteFideId "16208552"]
[BlackFideId "12964549"]
[EventCountry "GER"]
[EventRounds "7"]
[EventType "team-swiss"]
[EventDate "2011.12.26"]

1. e4 e5 2. Nf3 d6 3. Nc3 Be7 4. Bc4 Nf6 5. d3 O-O 6. Bg5 Nxe4 7. dxe4 Bxg5 8.
Nxg5 Qxg5 9. h3 Qxg2 10. Ke2 Bxh3 11. Qd3 Be6 12. Rag1 Bg4+ 13. Kd2 Qxf2+ 14.
Kc1 Bd7 15. Nd1 Qd4 16. Qf1 Qxe4 17. Rh2 Qf4+ 18. Kb1 Qxh2 19. Rh1 Qf4 20. Bd3
Qxf1 21. Rxf1 Bg4 22. Rh1 g6 23. a3 Nc6 24. Ne3 Be6 25. Bc4 Bxc4 26. Nxc4 Rae8
27. Ne3 Re6 28. Rh2 Rf6 29. Nd5 Rf1+ 30. Ka2 Rc8 31. Nf6+ Kg7 32. Ng4 Re8 33.
Rh3 Nd4 34. c3 Nc6 35. Ne3 Rg1 36. Nd5 Re6 37. Nxc7 Rf6 38. Ne8+ Kf8 39. Nxf6
Kg7 40. Ne8+ Kf8 41. Nxd6 h5 42. Nxb7 e4 43. Re3 f5 44. Nd6 Rg4 45. Nb5 h4 46.
Nxa7 Nxa7 47. c4 Rg3 48. Rb3 Rxb3 49. Kxb3 h3 50. c5 h2 51. a4 h1=Q 52. a5 Qh2
53. a6 Qc7 54. Ka3 Qxc5+ 55. Kb3 Ke7 56. Ka4 Qb5+ 57. Ka3 Kd6 58. b3 Kc5 59.
b4+ Qxb4+ 60. Ka2 Kc4 61. Ka1 Kc3 62. Ka2 Qb2# 0-1

[Event "DVM U14w 2011"]
[Site "Arendsee (Altmark) GER"]
[Date "2011.12.28"]
[Round "3"]
[White "Halas, Lena"]
[Black "Nobis, Anna"]
[Result "1/2-1/2"]
[Termination "normal"]
[Board "1.1"]
[WhiteElo "1592"]
[BlackElo "1560"]
[WhiteTeam "USG Chemnitz"]
[BlackTeam "Chemnitzer SC Aufbau '95"]
[WhiteFideId "12931799"]
[BlackFideId "1270302"]
[EventCountry "GER"]
[EventRounds "7"]
[EventType "team-swiss"]
[EventDate "2011.12.26"]

1. e4 c5 2. Nf3 Nc6 3. d4 cxd4 4. Nxd4 e5 5. Nb5 d6 6. c4 Be6 7. N1c3 a6 8. Na3
Be7 9. Bd3 Nf6 10. Bg5 O-O 11. Bd2 Rc8 12. Nc2 Nb8 13. b3 Nbd7 14. Ne3 Nc5 15.
Bc2 Rb8 16. Qe2 Bd7 17. Ned5 b5 18. Nxe7+ Qxe7 19. Nd5 Nxd5 20. cxd5 f5 21.
exf5 Bxf5 22. Bxf5 Rxf5 23. Qg4 Rbf8 24. O-O e4 25. Rae1 Rxd5 26. Bc1 Re5 27.
Rd1 Re6 28. Bg5 Qf7 29. Be3 Rg6 30. Qh4 Qf3 31. g3 Nd3 32. Qe7 1/2-1/2